Informe político del desarrollo, validación y aplicación de las pruebas de diagnóstico /
Uloženo v:
| Hlavní autor: | |
|---|---|
| Další autoři: | , , |
| Médium: | Kniha |
| Jazyk: | Spanish |
| Vydáno: |
San José, Costa Rica :
IIMEC,
1996
|
| Témata: | |
| Tagy: |
Přidat tag
Žádné tagy, Buďte první, kdo vytvoří štítek k tomuto záznamu!
|
MARC
| LEADER | 00000nam a2200000Ia 4500 | ||
|---|---|---|---|
| 008 | 180905b1996 cr ||||| |||| 00| | spa d | ||
| 999 | |c 2305 |d 2305 | ||
| 090 | |a 18.09.01 |b 28 | ||
| 100 | 1 | |9 157 |a Esquivel Alfaro, Juan Manuel | |
| 245 | 1 | 0 | |a Informe político del desarrollo, validación y aplicación de las pruebas de diagnóstico / |c Juan Manuel Esquivel Alfaro; Mary Leitón Quirós; Maurilio Loría Meneses; Marcela Monge Porras |
| 260 | |a San José, Costa Rica : |b IIMEC, |c 1996 | ||
| 300 | |a 40 páginas | ||
| 500 | |a Programa de Medición y Evaluación Educativa. Proyecto pruebas diagnósticas de conocimiento (BIRF- MEP- UCR). La Unidad posee además el informe técnico | ||
| 650 | 1 | 4 | |a PRUEBAS |9 629 |
| 650 | 1 | 4 | |a INFORMES |9 267 |
| 650 | 1 | 4 | |a MATERIAS DE ENSEÑANZA |9 3942 |
| 650 | 1 | 4 | |a RESULTADOS DE INVESTIGACIÓN |9 4187 |
| 700 | 1 | |a Leitón Quirós, Mary |9 4188 | |
| 700 | 1 | |a Loría Meneses, José Maurilio |9 122 | |
| 700 | 1 | |a Porras Monge, Marcela |9 4189 | |
| 942 | |i 00520 ,00568 |h 18.09.01 28 |2 z |c 04 | ||
| 942 | |i 00520 ,00568 |h 18.09.01 28 |2 z | ||
